CDMA 2000 Voice Network Optimization (Student guide Book-2) (Record no. 8369)

000 -LEADER
fixed length control field 00469 a2200169 4500
003 - CONTROL NUMBER IDENTIFIER
control field NUST
038 ## - RECORD CONTENT LICENSOR
Staff Name Zahoor
040 ## - CATALOGING SOURCE
Original cataloging agency DLC
Language of cataloging DLC
082 ## - DEWEY DECIMAL CLASSIFICATION NUMBER
Classification number 621.3845 QUA
100 ## - MAIN ENTRY--PERSONAL NAME
Personal name Qualcomm
9 (RLIN) 80993
245 ## - TITLE STATEMENT
Title CDMA 2000 Voice Network Optimization (Student guide Book-2)
Statement of responsibility, etc. Qualcomm
260 ## - PUBLICATION, DISTRIBUTION, ETC.
Place of publication, distribution, etc. USA :
Name of publisher, distributor, etc. Qualcomm Incorporated,
Date of publication, distribution, etc. 2003.
300 ## - PHYSICAL DESCRIPTION
Extent vii, p. (various pages) :
Other physical details ill. ;
Dimensions 26 cm.
563 ## - BINDING INFORMATION
Binding note Hard Cover
650 ## - SUBJECT ADDED ENTRY--TOPICAL TERM
Topical term or geographic name entry element CDMA
9 (RLIN) 80994
942 ## - ADDED ENTRY ELEMENTS (KOHA)
Koha item type Book
Call number prefix 621.3845 QUA
Source of classification or shelving scheme
Holdings
Withdrawn status Lost status Damaged status Not for loan Collection code Permanent Location Current Location Shelving location Date acquired Source of acquisition Cost, normal purchase price Total Checkouts Full call number Barcode Date last seen Price effective from Koha item type Source of classification or shelving scheme
          Central Library (CL) Central Library (CL) General Stacks 06/20/2005 Donation 0.00   621.3845 QUA SEECS005978 11/14/2012 01/05/2017 Book  
          Central Library (CL) Central Library (CL) General Stacks 06/20/2005 Donation 0.00   621.3845 QUA SEECS005976 11/14/2012 01/05/2017 Project Report  
© 2023 Central Library, National University of Sciences and Technology. All Rights Reserved.